BIOCHEMISTRY AND CLINICAL PATHOLOGY ( DR S.B.BHISE (Record no. 268519)

MARC details
000 -LEADER
fixed length control field 00328pam a2200121a 44500
008 - FIXED-LENGTH DATA ELEMENTS--GENERAL INFORMATION
fixed length control field 230405s2021 xxu||||| |||| 00| 0 eng d
041 ## - LANGUAGE CODE
Language code of text/sound track or separate title ENG
100 ## - MAIN ENTRY--PERSONAL NAME
Personal name DR S.B.BHISE / M M.S. BHISE
245 ## - TITLE STATEMENT
Title BIOCHEMISTRY AND CLINICAL PATHOLOGY ( DR S.B.BHISE
260 ## - PUBLICATION, DISTRIBUTION, ETC.
Place of publication, distribution, etc. PUNE
Name of publisher, distributor, etc. NIRALI PRAKASHAN
Date of publication, distribution, etc. 2021
300 ## - PHYSICAL DESCRIPTION
Extent 13.8
906 ## - LOCAL DATA ELEMENT F, LDF (RLIN)
a 3080
Holdings
Withdrawn status Lost status Damaged status Not for loan Collection Home library Current library Date acquired Source of acquisition Cost, normal purchase price Total Checkouts Barcode Date last seen Price effective from Koha item type Date last checked out
          College of Pharmacy, Kolhapur College of Pharmacy, Kolhapur 14/04/2023 BHARATI MADHYVARTI SAHAKARI GRAHAK BHANDAR LTD 220.00   PCK-DI-860 14/04/2023 14/04/2023 Book  
          College of Pharmacy, Kolhapur College of Pharmacy, Kolhapur 14/04/2023 BHARATI MADHYVARTI SAHAKARI GRAHAK BHANDAR LTD 220.00   PCK-DI-858 14/04/2023 14/04/2023 Book  
          College of Pharmacy, Kolhapur College of Pharmacy, Kolhapur 14/04/2023 BHARATI MADHYVARTI SAHAKARI GRAHAK BHANDAR LTD 220.00   PCK-DI-857 14/04/2023 14/04/2023 Book  
          College of Pharmacy, Kolhapur College of Pharmacy, Kolhapur 14/04/2023 BHARATI MADHYVARTI SAHAKARI GRAHAK BHANDAR LTD 220.00 1 PCK-DI-853 02/06/2025 14/04/2023 Book 15/10/2024